000 00700nas a2200265 4500
001 BR9201082
003 BR-BrBNA
005 20231205092340.0
007 ta
008 230509b bl.|||p| |||| 00| 00por d
040 _aBR-BrBNA
_bpor
_cBiblioteca Nacional de Agricultura
041 _a(Pt)
072 _aK10
100 1 _aFlor, H.M.
245 1 _aCultura de eucalipto
650 _aEUCALIPTO
650 _aSISTEMA DE CULTIVO
650 _aSEMEADURA
650 _aADUBACAO
650 _aCONTROLE CULTURAL
650 _aPRATICO
773 0 _tCerrado (Brazil)
_xISSN 0100-0578
_g(Jun 1972), v. 4(16) p. 7-8
_wBR9201082
909 _a202311
_bLúcia
_c55
_dLúcia Elande
942 _2AGRIS
_n0
_cANA
999 _c131107
_d131107